000 00565nam a2200193Ia 4500
001 63379
008 190618n2012 ii |||gr||||Z||||||asm
020 _a978-81-924270-8-9
082 _a333.72954
100 _aHazarika, Prosanta,
_eAuthor.,
245 0 _aJiba Boichitrya Aru Uttar Pub Bharat
_cBy Prosanta Hazarika
_hTextual Documents
250 _aist ed.
260 _aJorhat
_bSabda Prakash
_c2012
300 _a408pg:
_c19cm.
653 _aBiodiversity
653 _aBiodiversity,Environment
653 _aBiodiversity of North East India
942 _2ddc
_cBK
999 _c64483
_d64483